Which City in Brazil? - Statistics

General Stats
  • This quiz has been taken 71 times
  • The average score is 15 of 20
Answer Stats
Hint Answer % Correct
Hosts the largest Carnival in the world Rio de Janeiro
100%
Largest city touching the Amazon River Manaus
98%
Has the highest GDP of any Latin American city São Paulo
98%
Deliberately built in the shape of an airplane Brasília
97%
Around 80% of this city identifies as Afro-Brazilian Salvador
91%
Has the Praia do Futuro beach Fortaleza
89%
Capital of the state that means "General Mines" Belo Horizonte
88%
Portuguese translation of "Bethlehem" Belém
86%
Capital of Paraná, almost a kilometer above sea level Curitiba
85%
Southernmost state capital of Brazil Porto Alegre
85%
Closest major city to Brazil's capital Goiânia
74%
Known as "Mauritsstad" under Dutch rule Recife
74%
Second biggest metro area in the above state Campinas
67%
Off the mainland on Santa Catarina Island Florianópolis
65%
Located on Baía de São Marcos São Luís
55%
Near Ponta do Seixas, the easternmost point in South America João Pessoa
48%
Busiest port in Brazil Santos
47%
Capital of Mato Grosso do Sul Campo Grande
41%
Neighbor of Vila Velha across the river Vitória
41%
Only state capital directly on the equator Macapá
29%
No matching quizzes found
Score Distribution
Percent of People with Each Score
Percentile by Number Answered
Your Score History
You have not taken this quiz